000 00457nam a2200181Ia 4500
003 OSt
005 20250814093812.0
008 250729s2005 xx 000 0 und d
040 _cAL
041 _aeng
082 _a370.3 SHAE
100 _aAggarwal J C
_9221262
245 _aEducational vocational guidence and counselling
260 _aNew Delhi
_bMittal Publication
_c2005
300 _a460p
650 _aEncyclopedia
_9221263
942 _2ddc
_cBED
999 _c234928
_d234928